पाली जातक कथाओ में बुध्द्कीय प्रबंधन/ (Record no. 199479)
[ view plain ]
| 000 -LEADER | |
|---|---|
| fixed length control field | 00854nam a22001817a 4500 |
| 005 - DATE AND TIME OF LATEST TRANSACTION | |
| control field | 20231206122310.0 |
| 010 ## - LCCN (DPL NO) | |
| LC control number | HIN-126454 |
| 020 ## - INTERNATIONAL STANDARD BOOK NUMBER | |
| International Standard Book Number | 9789386784537 |
| Terms of availability | 295.00 |
| 035 ## - SYSTEM CONTROL NUMBER | |
| System control number | HN-98800 |
| 037 ## - SOURCE OF ACQUISITION | |
| Source of stock number/acquisition | DBAD/PUB |
| 082 ## - DEWEY DECIMAL CLASSIFICATION NUMBER | |
| Classification number | क |
| 100 ## - MAIN ENTRY--PERSONAL NAME | |
| Personal name | चावला,जसबीर |
| 245 ## - TITLE STATEMENT | |
| Title | पाली जातक कथाओ में बुध्द्कीय प्रबंधन/ |
| Statement of responsibility, etc | जसबीर चावला |
| 260 ## - PUBLICATION, DISTRIBUTION, ETC. (IMPRINT) | |
| Place of publication, distribution, etc | कानपूर |
| Name of publisher, distributor, etc | साहित्य रत्नाकर |
| Date of publication, distribution, etc | 2021 |
| 270 ## - ADDRESS | |
| Address | 'रामालय ' प्रथम तल म.न. 15 , सिद्धार्थ नगर, गूवा गार्डन कल्याणपुर |
| City | कानपूर |
| Postal code | 208 016 |
| Telephone number | 08960421760 |
| 300 ## - PHYSICAL DESCRIPTION | |
| Extent | 143पृ.; |
| Dimensions | 23 सेमी (सजिल्द ) |
| 942 ## - ADDED ENTRY ELEMENTS (KOHA) | |
| Source of classification or shelving scheme | Dewey Decimal Classification |
| Item type | Hindi Books |
| Classification part | क |
| Call number suffix | चावला |
| Withdrawn status | Lost status | Not for loan | Collection code | Home library | Current library | Date acquired | Source of acquisition | Cost, normal purchase price | Full call number | Barcode | Copy number | Cost, replacement price | Koha item type |
|---|---|---|---|---|---|---|---|---|---|---|---|---|---|
| Non-fiction | Vinoba Puri | Vinoba Puri | 05/12/2023 | DBAD/PUB | 295.00 | क चावला | HN-98800 | 1 | 295.00 | Hindi Books |
